Analysis of stock performance of fmgc sector:comparison of pre and post covid-19 era / (Record no. 231680)
[ view plain ]
| 000 -LEADER | |
|---|---|
| fixed length control field | 00712nam a22001937a 4500 |
| 003 - CONTROL NUMBER IDENTIFIER | |
| control field | OSt |
| 005 - DATE AND TIME OF LATEST TRANSACTION | |
| control field | 20240831115641.0 |
| 008 - FIXED-LENGTH DATA ELEMENTS--GENERAL INFORMATION | |
| fixed length control field | 240831b ||||| |||| 00| 0 eng d |
| 040 ## - CATALOGING SOURCE | |
| Transcribing agency | AIMIT LIBRARY |
| 100 ## - MAIN ENTRY--PERSONAL NAME | |
| Personal name | Dsouza, Jaison. |
| Relator term | 2216070 |
| 9 (RLIN) | 178378 |
| 245 ## - TITLE STATEMENT | |
| Title | Analysis of stock performance of fmgc sector:comparison of pre and post covid-19 era / |
| Statement of responsibility, etc. | By Jaison Dsouza ; Guided by Dhananjay K. |
| 260 ## - PUBLICATION, DISTRIBUTION, ETC. | |
| Place of publication, distribution, etc. | Udupi ; |
| Date of publication, distribution, etc. | 2024. |
| 650 ## - SUBJECT ADDED ENTRY--TOPICAL TERM | |
| Topical term or geographic name entry element | Literature review objectives |
| 9 (RLIN) | 178379 |
| 650 ## - SUBJECT ADDED ENTRY--TOPICAL TERM | |
| Topical term or geographic name entry element | Research methodology |
| 9 (RLIN) | 178380 |
| 650 ## - SUBJECT ADDED ENTRY--TOPICAL TERM | |
| Topical term or geographic name entry element | Data analysis and interpretations |
| 9 (RLIN) | 178381 |
| 700 ## - ADDED ENTRY--PERSONAL NAME | |
| Personal name | K Dhananjaya. |
| Relator term | Guide |
| 9 (RLIN) | 178382 |
| 856 ## - ELECTRONIC LOCATION AND ACCESS | |
| Materials specified | Anandrathi share and stock brokers ltd |
| Uniform Resource Identifier | <a href="www.anandrathi.com">www.anandrathi.com</a> |
| 942 ## - ADDED ENTRY ELEMENTS (KOHA) | |
| Source of classification or shelving scheme | Dewey Decimal Classification |
| Koha item type | Project Report |
| Withdrawn status | Lost status | Source of classification or shelving scheme | Damaged status | Not for loan | Collection code | Home library | Current library | Shelving location | Date acquired | Total Checkouts | Barcode | Date last seen | Copy number | Price effective from | Koha item type |
|---|---|---|---|---|---|---|---|---|---|---|---|---|---|---|---|
| Dewey Decimal Classification | Not for loan | Project Report MBA | St Aloysius Institute of Management & Information Technology | St Aloysius Institute of Management & Information Technology | Dissertations | 08/31/2024 | PRB02284 | 08/31/2024 | 2216070 | 08/31/2024 | Project Report |